أبو القاسم الشابي حياته و شعره / (رقم التسجيلة. 117503)
[ عرض عادي ]
| 000 -LEADER | |
|---|---|
| fixed length control field | 00633nam a22002057a 4500 |
| 005 - DATE AND TIME OF LATEST TRANSACTION | |
| control field | 20251108174751.0 |
| 008 - FIXED-LENGTH DATA ELEMENTS--GENERAL INFORMATION | |
| fixed length control field | 250721s2009 xx 000 0 ara d |
| 082 14 - DEWEY DECIMAL CLASSIFICATION NUMBER | |
| Classification number | 928.11/طري |
| 100 1# - MAIN ENTRY--PERSONAL NAME | |
| Personal name | الطريفي، يوسف عطا |
| Relator term | مؤلف |
| 245 10 - TITLE STATEMENT | |
| Title | أبو القاسم الشابي حياته و شعره / |
| 264 1# - PRODUCTION, PUBLICATION, DISTRIBUTION, MANUFACTURE, AND COPYRIGHT NOTICE | |
| Place of production, publication, distribution, manufacture | بيروت : |
| Name of producer, publisher, distributor, manufacturer | الاهلية للنشر و التوزيع، |
| Date of production, publication, distribution, manufacture, or copyright notice | 2009. |
| 300 ## - PHYSICAL DESCRIPTION | |
| Extent | 344 ص. |
| 490 0# - SERIES STATEMENT | |
| Series statement | شعراء أعلام |
| 650 17 - SUBJECT ADDED ENTRY--TOPICAL TERM | |
| Topical term or geographic name as entry element | التراجم |
| 650 17 - SUBJECT ADDED ENTRY--TOPICAL TERM | |
| Topical term or geographic name as entry element | الشعراء العرب |
| 650 17 - SUBJECT ADDED ENTRY--TOPICAL TERM | |
| Topical term or geographic name as entry element | العصر الحديث |
| 650 17 - SUBJECT ADDED ENTRY--TOPICAL TERM | |
| Topical term or geographic name as entry element | تونس |
| 942 ## - ADDED ENTRY ELEMENTS (KOHA) | |
| Source of classification or shelving scheme | Dewey Decimal Classification |
| Koha item type | كتب |
| حالة السحب | حالة الفقدان | مصدر التصنيف | حالة التلف | غير قابل للإعارة | المكتبة الرئيسية | المكتبة الحالية | موقع الرف | تاريخ التزويد | الرقم المتسلسل | Total Checkouts | رقم الإستدعاء | الباركود | تاريخ آخر ظهور | تاريخ الفاتورة | نوع المادة (كوها) |
|---|---|---|---|---|---|---|---|---|---|---|---|---|---|---|---|
| Dewey Decimal Classification | المكتبة المركزية | المكتبة المركزية | الإعارة | 28/07/2025 | 1310126 | 928.11/طري | PLD00104915 | 28/07/2025 | 28/07/2025 | كتب | |||||
| Dewey Decimal Classification | مكتبة أبو علندا العامة | مكتبة أبو علندا العامة | الإعارة | 08/08/2009 | 1310127 | 928.11/طري | PLD00104946 | 28/07/2025 | 08/08/2009 | كتب | |||||
| Dewey Decimal Classification | مكتبة الأميرة ايمان العامة | مكتبة الأميرة ايمان العامة | الإعارة | 08/08/2009 | 1310128 | 928.11/طري | PLD00104947 | 28/07/2025 | 08/08/2009 | كتب | |||||
| Dewey Decimal Classification | مكتبة وادي السير العامة | مكتبة وادي السير العامة | الإعارة | 08/08/2009 | 1310132 | 928.11/طري | PLD00104951 | 28/07/2025 | 08/08/2009 | كتب | |||||
| Dewey Decimal Classification | مكتبة ومركز فرح | مكتبة ومركز فرح | الإعارة | 08/08/2009 | 1310135 | 928.11/طري | PLD00104954 | 28/07/2025 | 08/08/2009 | كتب |